Five Letter Cities by Clue - Statistics

General Stats
  • This quiz has been taken 43 times
  • The average score is 9 of 25
Answer Stats
Clue Answer % Correct
Home of the Eiffel Tower Paris
100%
Ghana's largest city Accra
59%
Largest Afghan city Kabul
59%
Hosts the second most international visitors in the US Miami
56%
Modern equivalent of Carthage Tunis
56%
Home to the Palm Jumeirah Dubai
50%
Translates to ‘port’ Porto
50%
A megacity almost two millennia old Cairo
47%
Hosts “The Last Supper” Milan
44%
The second largest city of the Ruhr Essen
41%
Awarded the most Michelin stars of any city Tokyo
41%
May or may not be the highest national capital La Paz/Quito
34%
Largest city dominated by the Yoruba Lagos
28%
Formerly Smyrna Izmir
25%
One of the nine National Central Cities of China Wuhan
25%
Potatoes Boise
22%
Changed hands in the 1950s multiple times Seoul
22%
“The safest city of the Middle East” Amman
19%
Home to the Umeda Sky Building Osaka
19%
The Silk City of India Surat
19%
Largest city of Tatarstan Kazan
16%
On the Cap-Vert Peninsula Dakar
13%
The Venice of the East Dhaka
9%
Lies on the Swan River Perth
9%
At the foot of the Vitosha Mountain Sofia
6%
No matching quizzes found
Score Distribution
Percent of People with Each Score
Percentile by Number Answered
Your Score History
You have not taken this quiz